| 000 | 00598nam a22001817a 4500 | ||
|---|---|---|---|
| 003 | SISC | ||
| 005 | 20170116094137.0 | ||
| 008 | 161129b xxu||||| |||| 00| 0 eng d | ||
| 020 | _a9789719341895 | ||
| 050 |
_aDS 675.8 _b.R627 2010 |
||
| 100 | _aRizal, Jose. | ||
| 245 |
_aEl filibusterismo / _cby jose Rizal ; Translated by Guerrero, Leon Ma. |
||
| 260 |
_aManila : _bGuerrero Publishing, Inc., _c2010. |
||
| 300 |
_axviii, 324 pages ; _c23 cm. |
||
| 650 | _aHistorical fiction, Philippine (Spanish). | ||
| 650 | _aPhilippine fiction (Spanish) -- Translations into English. | ||
| 942 |
_2lcc _cBK |
||
| 999 |
_c305298 _d305298 |
||